Pengurusan kewangan sekolah : satu kajian kes di dua buah sekolah menengah kebangsaan jenis bantuan modal di Sibu, Sarawak /
Saved in:
| Main Author: | |
|---|---|
| Format: | Thesis Book |
| Language: | Malay |
| Published: |
2003.
|
| Subjects: | |
| Tags: |
Add Tag
No Tags, Be the first to tag this record!
|
| LEADER | 00987cam a2200241 a 4500 | ||
|---|---|---|---|
| 001 | u730548 | ||
| 003 | SIRSI | ||
| 005 | 200611211240 | ||
| 008 | 061121s2003 my t 00 0 may m | ||
| 040 | |a UMK | ||
| 098 | |a LB2831.9 |b UM 2003 Ooi | ||
| 100 | 1 | 0 | |a Ooi, Leong Hoon. |
| 245 | 1 | 0 | |a Pengurusan kewangan sekolah : |b satu kajian kes di dua buah sekolah menengah kebangsaan jenis bantuan modal di Sibu, Sarawak / |c Ooi, Leong Hoon. |
| 260 | |c 2003. | ||
| 300 | |a 143 [69] leaves ; |c 30 cm. | ||
| 502 | |a Dissertation (M.Princ.) -- Institut Pengajian Kepengetuaan, Universiti Malaya, 2003. | ||
| 504 | |a Bibliography: leaves i-vii. | ||
| 650 | 0 | |a Education |z Sarawak |x Finance. | |
| 650 | 0 | |a School budgets |z Sarawak |x Management. | |
| 650 | 0 | |a Finance |x Management |x Study and teaching. | |
| 710 | 2 | 0 | |a Universiti Malaya. |b Institut Pengajian Kepengetuaan. |
| 596 | |a 19 | ||
| 999 | |a LB2831.9 UM 2003 OOI |w LC |c 1 |i A511797014 |d 16/3/2009 |e 16/3/2009 |f 15/12/2006 |g 2 |l STACKS |m P19KOTA |n 6 |r Y |s Y |t TESIS |u 21/11/2006 | ||
